000 00315nam a2200121Ia 4500
008 220204s9999 xx 000 0 und d
082 _a579.6
_bADV.34
245 0 _aAdvances in applied microbiology. V 34.
260 _aNew York
_bAcademic
_c1989
650 _aCrop improvement
650 _aGibberellin
942 _cBK
999 _c40134
_d40134